Central Library OPAC University of Rajshahi

Biotechnology and plant genetic resources : (Record no. 36985)

MARC details
000 -LEADER
fixed length control field 01131nam a2200313 a 4500
001 - CONTROL NUMBER
control field 36985
003 - CONTROL NUMBER IDENTIFIER
rucl marc code BD-RjUL
005 - DATE AND TIME OF LATEST TRANSACTION
control field 20211209052550.0
008 - FIXED-LENGTH DATA ELEMENTS--GENERAL INFORMATION
fixed length control field 140929s1997 enkab b 001 0 eng
020 ## - INTERNATIONAL STANDARD BOOK NUMBER
International Standard Book Number 0851991424 (alk. paper)
035 ## - SYSTEM CONTROL NUMBER
System control number (BD-RjUL)37087
040 ## - CATALOGING SOURCE
Original cataloging agency DLC
Transcribing agency DLC
Modifying agency DLC
-- WaU
-- DLC
-- BD-RjUL
Language of cataloging eng
041 ## - LANGUAGE CODE
Language code of text/sound track or separate title eng
082 00 - DEWEY DECIMAL CLASSIFICATION NUMBER
Classification number 631.523
Edition number 21
Author mark and year BIO 1997
245 00 - TITLE STATEMENT
Title Biotechnology and plant genetic resources :
Remainder of title conservation and use /
Statement of responsibility, etc. edited by J.A. Callow, B.V. Ford-Lloyd, and H.J. Newbury.
260 ## - PUBLICATION, DISTRIBUTION, ETC. (IMPRINT)
Place of publication, distribution, etc. Wallingford, Oxon, UK ;
-- New York, NY, USA :
Name of publisher, distributor, etc. CAB International,
Date of publication, distribution, etc. c1997.
300 ## - PHYSICAL DESCRIPTION
Pagination xii, 308 p. :
Illustrations ill., maps ;
Size 24 cm.
504 ## - BIBLIOGRAPHY, ETC. NOTE
Bibliography, etc Includes bibliographical references and index.
650 #0 - SUBJECT ADDED ENTRY--TOPICAL TERM
Topical term or geographic name as entry element Germplasm resources, Plant.
9 (RLIN) 36079
Topical term or geographic name as entry element Plant biotechnology.
9 (RLIN) 111637
Topical term or geographic name as entry element Germplasm resources conservation.
9 (RLIN) 113004
700 1# - ADDED ENTRY--PERSONAL NAME
Personal name Callow, J. A.
Personal name Ford-Lloyd, Brian.
Personal name Newbury, H. J.
942 ## - ADDED ENTRY ELEMENTS (KOHA)
Source of classification or shelving scheme Dewey Decimal Classification
Koha item type Books
Holdings
Lost status Source of classification or shelving scheme Damaged status Not for loan Collection code Permanent Location Current Location Shelving location Date acquired Cost, normal purchase price Total Checkouts Full call number Date last seen Copy number Koha item type
  Dewey Decimal Classification   Not For Loan Non-fiction Institute of Biological Sciences (IBSc) Library Institute of Biological Sciences (IBSc) Library   29/09/2014 5450.00   631.523 BIO 1997 29/09/2014 C-1 Books